| 000 | 00599nam a2200241Ia 4500 | ||
|---|---|---|---|
| 008 | 160319s9999 xx 000 0 und d | ||
| 020 | _a9831870816 | ||
| 050 | _a500 | ||
| 050 | _bN273p 2003 | ||
| 100 | _aNatarajan, Cindy. | ||
| 245 | _aPushes and pull : | ||
| 245 | _btechnology / | ||
| 245 | _cCindy Natarajan. | ||
| 260 | _aPenang : | ||
| 260 | _bRhythm Distributor Sdn.Bhd. | ||
| 260 | _c2003 | ||
| 300 | _a23 pages : | ||
| 300 | _bcolor illustrations : | ||
| 300 | _c26 cm. | ||
| 440 | _aJunior science explorer. | ||
| 650 | _atechnology. | ||
| 650 | _xJuvenile literature. | ||
| 999 |
_c291997 _d291997 |
||